Opatrenia proti finančnej kríze v Európe a v USA a ich následky diplomová práca

Saved in:
Bibliographic Details
Main Author: Bendeová, Judita
Corporate Author: Obchodná fakulta EU. Katedra medzinárodného obchodu
Other Authors: Fifek, Edmund
Format: Book
Language:Slovak
Published: Bratislava 2012
Tags: Add Tag
No Tags, Be the first to tag this record!

MARC

LEADER 00000nbm a2200000 4500
001 0157867
005 20170315090434.2
041 0 |a slo 
044 |a SK 
245 1 0 |a Opatrenia proti finančnej kríze v Európe a v USA a ich následky  |b diplomová práca  |c Judita Bendeová ; školiteľ: Edmund Fifek 
264 1 |a Bratislava  |c 2012 
300 |a 72 s. 
100 1 |a Bendeová, Judita 
700 1 |a Fifek, Edmund 
710 2 |a Obchodná fakulta EU. Katedra medzinárodného obchodu